[Event "Excelsior October U2000"]
[Site "Toronto CAN"]
[Date "2023.10.28"]
[Round "2.14"]
[White "Zhang, Daniel"]
[Black "Ajith, Aarush"]
[Result "1/2-1/2"]
[WhiteElo "1724"]
[BlackElo "1681"]
[PlyCount "96"]
[EventDate "2023.10.27"]
[EventType "swiss"]
[EventRounds "5"]
[EventCountry "CAN"]

1. e4 c5 2. Nf3 d6 3. Bb5+ Bd7 4. Bxd7+ Qxd7 5. O-O Nf6 6. Re1 Nc6 7. c3 e6 8.
d4 cxd4 9. cxd4 d5 10. e5 Ne4 11. Nbd2 Nxd2 12. Bxd2 Be7 13. Rc1 Rc8 14. Rc3
Qc7 15. a3 Qb6 16. Qb1 Kd7 17. Qd3 Na5 18. Rxc8 Rxc8 19. Bxa5 Qxa5 20. Qxh7 Bf8
21. Qh5 Ke8 22. Rf1 Rc2 23. Ng5 g6 24. Qf3 Qc7 25. Qb3 Be7 26. Nf3 Qc6 27. Rd1
Qc4 28. Qxc4 dxc4 29. Rb1 Kd7 30. Kf1 Kc6 31. Ne1 Rd2 32. Nf3 Rc2 33. b3 Bxa3
34. bxc4 Rxc4 35. Ke2 Rc2+ 36. Ke3 Be7 37. Ne1 Ra2 38. Rc1+ Kd7 39. Rb1 Kc6 40.
Nd3 b5 41. Rc1+ Kb6 42. Rc8 a5 43. Rb8+ Kc6 44. Re8 Kd7 45. Ra8 b4 46. Ra7+ Kd8
47. Ra8+ Kd7 48. Ra7+ Kd8 1/2-1/2

[Event "Excelsior October U2000"]
[Site "Toronto CAN"]
[Date "2023.10.28"]
[Round "2.15"]
[White "Murali, Dhruv"]
[Black "Desikan, Ajith"]
[Result "1/2-1/2"]
[WhiteElo "1716"]
[BlackElo "1601"]
[PlyCount "53"]
[EventDate "2023.10.27"]
[EventType "swiss"]
[EventRounds "5"]
[EventCountry "CAN"]

1. b3 d5 2. Bb2 c5 3. e3 Nc6 4. Nf3 Nf6 5. d4 e6 6. Nbd2 Be7 7. c4 O-O 8. a3 b6
9. Bd3 Bb7 10. O-O Rc8 11. Rc1 cxd4 12. Nxd4 Nxd4 13. Bxd4 dxc4 14. Bxc4 a6 15.
a4 Ba3 16. Ra1 Bc5 17. Bxc5 Rxc5 18. Nf3 Qc7 19. Qe2 a5 20. Rfd1 Nd5 21. Rd3
Nb4 22. Rd2 Nd5 23. Rd3 Nb4 24. Rd2 Nd5 25. Qd3 h6 26. Rad1 Rc8 27. h3 1/2-1/2

[Event "Excelsior October U2000"]
[Site "Toronto CAN"]
[Date "2023.10.28"]
[Round "2.16"]
[White "Tseng, Bradley"]
[Black "Picard, Christian"]
[Result "1-0"]
[WhiteElo "1696"]
[BlackElo "1633"]
[PlyCount "99"]
[EventDate "2023.10.27"]
[EventType "swiss"]
[EventRounds "5"]
[EventCountry "CAN"]

1. e4 d6 2. d4 Nf6 3. Nc3 Nbd7 4. f4 e5 5. Nf3 exd4 6. Nxd4 g6 7. Bc4 Bg7 8.
O-O O-O 9. Re1 Re8 10. Nf3 Nb6 11. Bb3 Be6 12. Ng5 Bxb3 13. axb3 h6 14. Nf3
Nbd7 15. b4 a6 16. h3 b6 17. Qd3 Qc8 18. e5 dxe5 19. fxe5 Nh7 20. Bf4 Nhf8 21.
Ne4 Ne6 22. Bxh6 Bxh6 23. Qxd7 Qxd7 24. Nf6+ Kg7 25. Nxd7 Red8 26. Nf6 Kh8 27.
Red1 Rxd1+ 28. Rxd1 Rd8 29. Ra1 Ra8 30. Kf2 Nd8 31. b5 a5 32. Rd1 Ne6 33. Rd7
Kg7 34. b3 Rd8 35. Rxd8 Nxd8 36. Ne8+ Kf8 37. Nxc7 Bc1 38. Nd5 Ba3 39. Nd2 Bc5+
40. Ke2 Ke8 41. Nc4 Ne6 42. Ncxb6 Bxb6 43. Nxb6 Nd4+ 44. Kd3 Nxb5 45. Nc4 Nc7
46. Nxa5 Ke7 47. c4 Ke6 48. Kd4 Na6 49. Nb7 Nb8 50. Nc5+ 1-0

[Event "Excelsior October U2000"]
[Site "Toronto CAN"]
[Date "2023.10.28"]
[Round "2.17"]
[White "Cholakis, Max"]
[Black "Mahdjoubi, Abdelaziz"]
[Result "0-1"]
[WhiteElo "1540"]
[BlackElo "1701"]
[PlyCount "98"]
[EventDate "2023.10.27"]
[EventType "swiss"]
[EventRounds "5"]
[EventCountry "CAN"]

1. e4 d5 2. exd5 Qxd5 3. Nc3 Qa5 4. d4 Nf6 5. Bd2 Bg4 6. Nf3 Qf5 7. Be2 Nc6 8.
Be3 O-O-O 9. h3 Bxf3 10. Bxf3 Nxd4 11. Bxd4 e5 12. Nd5 exd4 13. Nxf6 Qxf6 14.
O-O Bd6 15. g3 Rhe8 16. Qd3 Kb8 17. Qb3 c6 18. Bxc6 Re7 19. Bg2 Bc5 20. Rae1
Bb6 21. Qb4 Rxe1 22. Qxe1 Rd7 23. Qe8+ Kc7 24. Bxb7 Rd8 25. Qe4 Bc5 26. Bd5 d3
27. Qc4 Qd4 28. Qxd4 Bxd4 29. Bc4 d2 30. c3 Bxf2+ 31. Kxf2 d1=Q 32. Rxd1 Rxd1
33. Ke2 Ra1 34. Bd5 f6 35. b4 Kd6 36. Bb3 Ke5 37. c4 Kd4 38. b5 Rh1 39. h4 Rh2+
40. Kf3 Rh1 41. Kg4 Rc1 42. Kf5 Rf1+ 43. Ke6 Kc5 44. Kf7 g5 45. hxg5 fxg5+ 46.
Kg7 h5 47. Bc2 h4 48. gxh4 gxh4 49. Be4 h3 0-1

[Event "Excelsior October U2000"]
[Site "Toronto CAN"]
[Date "2023.10.28"]
[Round "2.18"]
[White "Liu, Sean"]
[Black "Sreekumar, Gauri"]
[Result "1/2-1/2"]
[WhiteElo "1653"]
[BlackElo "1620"]
[PlyCount "54"]
[EventDate "2023.10.27"]
[EventType "swiss"]
[EventRounds "5"]
[EventCountry "CAN"]

1. e4 c5 2. Nc3 Nc6 3. Bb5 Nd4 4. Nf3 g6 5. Nxd4 cxd4 6. Ne2 Bg7 7. O-O e5 8.
c3 dxc3 9. dxc3 Nf6 10. Qc2 O-O 11. Bg5 a6 12. Bc4 Qc7 13. Bxf6 Qxc4 14. Bxg7
Kxg7 15. b3 Qc7 16. c4 b5 17. Nc3 Bb7 18. cxb5 axb5 19. Qd3 b4 20. Na4 Ba6 21.
Qe3 Bxf1 22. Rxf1 Rfd8 23. Nb6 Rxa2 24. Nd5 Qa7 25. Qg5 Re8 26. Qf6+ Kg8 27.
Ne7+ Rxe7 1/2-1/2

[Event "Excelsior October U2000"]
[Site "Toronto CAN"]
[Date "2023.10.28"]
[Round "3.12"]
[White "Ajith, Aarush"]
[Black "Huang, Justin"]
[Result "1/2-1/2"]
[WhiteElo "1681"]
[BlackElo "1608"]
[PlyCount "42"]
[EventDate "2023.10.27"]
[EventType "swiss"]
[EventRounds "5"]
[EventCountry "CAN"]

1. d4 f5 2. e4 fxe4 3. Nc3 Nf6 4. Bg5 g6 5. Bxf6 exf6 6. Nxe4 Qe7 7. Qe2 Bg7 8.
O-O-O d5 9. Nc3 Qxe2 10. Bxe2 c6 11. Nf3 Bg4 12. h3 Bxf3 13. Bxf3 Kf7 14. Nxd5
Nd7 15. Nc3 Rad8 16. Rhe1 f5 17. d5 Ne5 18. dxc6 Nxf3 19. gxf3 Bxc3 20. bxc3
bxc6 21. Rxd8 Rxd8 1/2-1/2

[Event "Excelsior October U2000"]
[Site "Toronto CAN"]
[Date "2023.10.28"]
[Round "3.13"]
[White "Hong, Zihan"]
[Black "Tseng, Bradley"]
[Result "0-1"]
[WhiteElo "1501"]
[BlackElo "1696"]
[PlyCount "144"]
[EventDate "2023.10.27"]
[EventType "swiss"]
[EventRounds "5"]
[EventCountry "CAN"]

1. d4 Nf6 2. c4 g6 3. Nc3 d5 4. Bf4 c6 5. e3 Bg7 6. Nf3 O-O 7. Be2 Re8 8. O-O
Nh5 9. Bg5 h6 10. Bh4 g5 11. Bg3 Nxg3 12. hxg3 Bf5 13. Qb3 Nd7 14. cxd5 Nf6 15.
dxc6 bxc6 16. Ne5 e6 17. Nxc6 Qc7 18. Bb5 a6 19. Ba4 h5 20. Qd1 h4 21. Ne5 Reb8
22. g4 Bh7 23. Qd2 Ne8 24. Bxe8 Rxe8 25. Nf3 Bh6 26. e4 Qe7 27. Nxh4 Rad8 28.
Nf3 f5 29. exf5 exf5 30. gxf5 Qf6 31. g4 Bxf5 32. gxf5 g4 33. Qd3 gxf3 34. Qxf3
Rxd4 35. Rad1 Qg5+ 36. Qg3 Rg4 37. Kh2 Qh5+ 38. Kg2 Bf4 39. Rh1 Qxf5 40. Qxg4+
Qxg4+ 41. Kf1 Qf3 42. Rg1+ Kh8 43. Rg2 Qh3 44. Ne2 Rxe2 45. Kxe2 Qxg2 46. Rd8+
Kg7 47. Rd7+ Kf6 48. Rd3 Qe4+ 49. Re3 Bxe3 50. fxe3 Qc2+ 51. Kf3 Qxb2 52. a4
Qc2 53. a5 Qc6+ 54. e4 Ke5 55. Kf2 Qxe4 56. Kg3 Qb4 57. Kf2 Qxa5 58. Ke3 Qb4
59. Kf3 a5 60. Ke3 a4 61. Kd3 a3 62. Kc2 a2 63. Kd3 a1=N 64. Ke2 Nb3 65. Kd3
Qd4+ 66. Kc2 Nc5 67. Kc1 Qf2 68. Kd1 Kd4 69. Kc1 Kc3 70. Kd1 Qc2+ 71. Ke1 Nd3+
72. Kf1 Qf2# 0-1

[Event "Excelsior October U2000"]
[Site "Toronto CAN"]
[Date "2023.10.28"]
[Round "3.14"]
[White "Qian, Ashley"]
[Black "Mutyalapati, Modith Aaroh"]
[Result "1/2-1/2"]
[WhiteElo "1793"]
[BlackElo "1710"]
[PlyCount "126"]
[EventDate "2023.10.27"]
[EventType "swiss"]
[EventRounds "5"]
[EventCountry "CAN"]

1. e4 c5 2. Nf3 d6 3. d4 cxd4 4. Nxd4 Nf6 5. Nc3 g6 6. Be3 Bg7 7. f3 O-O 8. Qd2
Nc6 9. O-O-O d5 10. Nxc6 bxc6 11. Bh6 Be6 12. exd5 Nxd5 13. Bxg7 Kxg7 14. Nxd5
cxd5 15. h4 h5 16. g4 Rh8 17. Be2 Qb6 18. gxh5 Rxh5 19. f4 Rh6 20. h5 Rah8 21.
Rhg1 Kf8 22. hxg6 Rxg6 23. Rxg6 fxg6 24. Bf3 Qd6 25. Bxd5 Bxd5 26. Qxd5 Qxf4+
27. Kb1 Kg7 28. Re1 e5 29. a3 Re8 30. Qc5 Qf7 31. Rxe5 Rxe5 32. Qxe5+ Kh6 33.
Qd4 Qf1+ 34. Ka2 Qf7+ 35. c4 g5 36. Qg4 a5 37. Qh3+ Kg6 38. Qb3 g4 39. Qb6+ Kh7
40. Qd4 Qe6 41. Kb3 Kh6 42. Kc3 Kh5 43. Qf2 Qe5+ 44. Kb3 g3 45. Qf3+ Kh4 46.
Ka2 Qd4 47. Kb3 a4+ 48. Kxa4 Qxc4+ 49. b4 Qa6+ 50. Kb3 Qe6+ 51. Kb2 Qe5+ 52.
Kc2 Qd4 53. Kb3 Qf2 54. Qh1+ Qh2 55. Qe4+ Kh3 56. Qe6+ Kg2 57. Qe2+ Kh3 58.
Qh5+ Kg2 59. Qe2+ Kh1 60. Qf1+ Qg1 61. Qh3+ Qh2 62. Qf1+ Qg1 63. Qh3+ Qh2
1/2-1/2

[Event "Excelsior October U2000"]
[Site "Toronto CAN"]
[Date "2023.10.28"]
[Round "3.15"]
[White "Mahdjoubi, Abdelaziz"]
[Black "Murali, Dhruv"]
[Result "1-0"]
[WhiteElo "1701"]
[BlackElo "1716"]
[PlyCount "41"]
[EventDate "2023.10.27"]
[EventType "swiss"]
[EventRounds "5"]
[EventCountry "CAN"]

1. d4 Nf6 2. Nc3 g6 3. e4 d6 4. f4 Bg7 5. Bd3 O-O 6. Nf3 Nbd7 7. e5 dxe5 8.
fxe5 Ne8 9. h4 Nb6 10. h5 Bg4 11. hxg6 fxg6 12. Be3 c6 13. Qd2 Bxf3 14. gxf3
Nd5 15. Bh6 Rf7 16. Ne4 e6 17. Ng5 Bxh6 18. Rxh6 Re7 19. O-O-O Qd7 20. Rdh1 Rc8
21. Bxg6 1-0

[Event "Excelsior October U2000"]
[Site "Toronto CAN"]
[Date "2023.10.28"]
[Round "3.16"]
[White "Desikan, Ajith"]
[Black "Liu, Sean"]
[Result "1/2-1/2"]
[WhiteElo "1601"]
[BlackElo "1653"]
[PlyCount "52"]
[EventDate "2023.10.27"]
[EventType "swiss"]
[EventRounds "5"]
[EventCountry "CAN"]

1. d4 Nf6 2. Bf4 g6 3. Nc3 Bg7 4. e4 d6 5. Qd2 b6 6. O-O-O Bb7 7. f3 Nbd7 8. h4
h5 9. Nh3 c5 10. d5 a6 11. Nf2 b5 12. Kb1 Nb6 13. e5 Nfxd5 14. Nxd5 Nxd5 15.
exd6 e5 16. Bg3 Qxd6 17. Ne4 Qe7 18. c4 bxc4 19. Bxc4 Rd8 20. Qa5 O-O 21. Bf2
Qc7 22. Qxc7 Nxc7 23. Nxc5 Bc8 24. Ne4 Be6 25. Be2 Nd5 26. Nc5 Bf5+ 1/2-1/2

[Event "Excelsior October U2000"]
[Site "Toronto CAN"]
[Date "2023.10.28"]
[Round "3.17"]
[White "Picard, Christian"]
[Black "Sreekumar, Gauri"]
[Result "0-1"]
[WhiteElo "1633"]
[BlackElo "1620"]
[PlyCount "124"]
[EventDate "2023.10.27"]
[EventType "swiss"]
[EventRounds "5"]
[EventCountry "CAN"]

1. d4 Nf6 2. Nf3 g6 3. Nc3 d5 4. Bf4 Bg7 5. e3 O-O 6. Be2 c6 7. Ne5 Nbd7 8. h4
h5 9. g4 Nxe5 10. Bxe5 Nxg4 11. Bxg7 Kxg7 12. Bxg4 Bxg4 13. f3 Bf5 14. Qd2 b5
15. O-O-O Qa5 16. Kb1 Qb6 17. Ne2 b4 18. Ng3 Be6 19. Rdg1 Kh7 20. Qg2 Rg8 21.
Qd2 c5 22. Ne2 c4 23. Nf4 c3 24. Qg2 cxb2 25. Nxe6 Qxe6 26. Qd2 a5 27. Kxb2 a4
28. Qd3 Qa6 29. Qxa6 Rxa6 30. a3 bxa3+ 31. Kxa3 Rc8 32. Rh2 Rc3+ 33. Kb4 Rxe3
34. Rf2 a3 35. Ra1 Ree6 36. Kc3 Reb6 37. Rff1 a2 38. Kd3 Ra3+ 39. c3 Rbb3 40.
Rfc1 Rb2 41. Rc2 Rb1 42. Raxa2 Rxa2 43. Rxa2 e6 44. Rh2 Kg7 45. Kc2 Ra1 46. Kb2
Rf1 47. Rh3 Rf2+ 48. Kb3 Kf6 49. c4 dxc4+ 50. Kxc4 Kf5 51. Kd3 Kf4 52. Rh1
Rxf3+ 53. Ke2 Ke4 54. Ra1 Rf4 55. Ra4 Kf5 56. Ra5+ Kf6 57. d5 exd5 58. Rxd5
Rxh4 59. Rd8 Rf4 60. Ke3 Rf5 61. Ke4 h4 62. Rh8 Rh5 0-1

[Event "Excelsior October U2000"]
[Site "Toronto CAN"]
[Date "2023.10.29"]
[Round "4.12"]
[White "Tseng, Bradley"]
[Black "Huang, Justin"]
[Result "1/2-1/2"]
[WhiteElo "1696"]
[BlackElo "1608"]
[PlyCount "127"]
[EventDate "2023.10.27"]
[EventType "swiss"]
[EventRounds "5"]
[EventCountry "CAN"]

1. e4 e6 2. d4 d5 3. Nc3 Nf6 4. Bg5 Be7 5. e5 Nfd7 6. Bxe7 Qxe7 7. a3 a6 8. f4
c5 9. Nf3 Nc6 10. Ne2 cxd4 11. Nexd4 f6 12. Nxc6 bxc6 13. Bd3 O-O 14. O-O fxe5
15. fxe5 a5 16. Qe2 Nc5 17. Qe3 Ba6 18. Bxa6 Rxa6 19. b4 Ne4 20. c3 Rb8 21.
Rfb1 Rab6 22. Qd3 Qa7 23. Nd4 c5 24. bxc5 Rxb1+ 25. Rxb1 Rxb1+ 26. Qxb1 Qxc5
27. Qb8+ Qf8 28. Qxf8+ Kxf8 29. Nxe6+ Kf7 30. Nd8+ Ke8 31. Nc6 Nxc3 32. Nxa5
Nb5 33. Kf2 Nxa3 34. Ke3 Kd7 35. Kf4 Nc4 36. Nb3 h6 37. Nc5+ Ke7 38. Nd3 Ke6
39. h4 Nxe5 40. Nc5+ Kf6 41. Ke3 Ng6 42. g3 Kf5 43. Kd4 Ne7 44. Ke3 Kg4 45. Kf2
Nf5 46. Nd3 Nxg3 47. Ne5+ Kf4 48. Nf3 Ne4+ 49. Ke2 Nf6 50. Kf2 Kg4 51. Ke3 g5
52. hxg5 hxg5 53. Nd4 Kh3 54. Kf3 g4+ 55. Kf4 Nd7 56. Ne2 Kh4 57. Nd4 Kh5 58.
Nf5 Nf6 59. Ng7+ Kg6 60. Ne6 Kf7 61. Nd4 Ke7 62. Ke5 Kf7 63. Kf4 Ke8 64. Nf5
1/2-1/2

[Event "Excelsior October U2000"]
[Site "Toronto CAN"]
[Date "2023.10.29"]
[Round "4.13"]
[White "Mutyalapati, Modith Aaroh"]
[Black "Ajith, Aarush"]
[Result "1/2-1/2"]
[WhiteElo "1710"]
[BlackElo "1681"]
[PlyCount "47"]
[EventDate "2023.10.27"]
[EventType "swiss"]
[EventRounds "5"]
[EventCountry "CAN"]

1. e4 c5 2. Nf3 d6 3. d4 cxd4 4. Nxd4 Nf6 5. Nc3 a6 6. Bc4 e6 7. Bb3 b5 8. Qf3
Qc7 9. Bg5 Be7 10. O-O-O Nbd7 11. Qe2 Nb6 12. f4 Bd7 13. Nf3 b4 14. Nb1 Bb5 15.
Qe1 a5 16. Nd4 Bd7 17. f5 e5 18. Bxf6 Bxf6 19. Nf3 a4 20. Bd5 Nxd5 21. Rxd5 b3
22. axb3 axb3 23. Qc3 Qxc3 24. bxc3 1/2-1/2

[Event "Excelsior October U2000"]
[Site "Toronto CAN"]
[Date "2023.10.29"]
[Round "4.14"]
[White "Sreekumar, Gauri"]
[Black "Mahdjoubi, Abdelaziz"]
[Result "0-1"]
[WhiteElo "1620"]
[BlackElo "1701"]
[PlyCount "106"]
[EventDate "2023.10.27"]
[EventType "swiss"]
[EventRounds "5"]
[EventCountry "CAN"]

1. d4 d5 2. c4 e6 3. Nf3 c5 4. cxd5 exd5 5. g3 Nf6 6. Bg2 Nc6 7. Nc3 h6 8. Bf4
Bf5 9. Rc1 Rc8 10. O-O Bd6 11. Bxd6 Qxd6 12. dxc5 Qxc5 13. Ne4 Qe7 14. Nxf6+
Qxf6 15. Qxd5 O-O 16. Qb3 Rc7 17. Qc3 Qe6 18. Nd4 Nxd4 19. Qxd4 Rxc1 20. Rxc1
Qxe2 21. Bxb7 Rb8 22. Qxa7 Rd8 23. Bd5 Rd7 24. Qa8+ Kh7 25. Bf3 Qxb2 26. Qc6
Rd2 27. Be4 Bg6 28. Bxg6+ fxg6 29. Rf1 Qxa2 30. h4 Qf7 31. Qe4 Qf5 32. Qxf5
gxf5 33. f3 g5 34. Rc1 gxh4 35. gxh4 Kg6 36. Rc6+ Kh5 37. Rc5 Kxh4 38. Rxf5 Kg3
39. Kf1 Rh2 40. f4 h5 41. Rf8 h4 42. f5 h3 43. f6 Rh1+ 44. Ke2 h2 45. Rh8 Ra1
46. f7 Ra2+ 47. Kd3 Rf2 48. Rg8+ Kh3 49. Rh8+ Kg2 50. Rg8+ Kf1 51. f8=Q h1=Q
52. Qg7 Qd5+ 53. Ke3 Rf3# 0-1

[Event "Excelsior October U2000"]
[Site "Toronto CAN"]
[Date "2023.10.29"]
[Round "4.15"]
[White "Desikan, Ajith"]
[Black "Qian, Ashley"]
[Result "0-1"]
[WhiteElo "1601"]
[BlackElo "1793"]
[PlyCount "68"]
[EventDate "2023.10.27"]
[EventType "swiss"]
[EventRounds "5"]
[EventCountry "CAN"]

1. d4 d5 2. e3 Nf6 3. c4 e6 4. Nc3 Be7 5. Nf3 O-O 6. Bd3 c6 7. O-O Nbd7 8. Re1
b6 9. e4 dxe4 10. Nxe4 Nxe4 11. Bxe4 Bb7 12. Ne5 Rc8 13. Bf4 Nf6 14. Bf3 Bd6
15. Bg5 Be7 16. Qe2 h6 17. Bh4 Qxd4 18. Bxf6 Bxf6 19. Rad1 Qxe5 20. Qxe5 Bxe5
21. Rxe5 Rfd8 22. Ree1 Kf8 23. b4 Ba6 24. c5 bxc5 25. bxc5 Bb5 26. a4 Bxa4 27.
Ra1 Rd4 28. Reb1 a6 29. g3 Bb5 30. Rc1 Ke7 31. Kg2 Rc4 32. Rxc4 Bxc4 33. Kg1
Bb5 34. Be4 Rd8 0-1

[Event "Excelsior October U2000"]
[Site "Toronto CAN"]
[Date "2023.10.29"]
[Round "4.16"]
[White "Hong, Zihan"]
[Black "Zhang, Daniel"]
[Result "0-1"]
[WhiteElo "1501"]
[BlackElo "1724"]
[PlyCount "96"]
[EventDate "2023.10.27"]
[EventType "swiss"]
[EventRounds "5"]
[EventCountry "CAN"]

1. d4 d5 2. c4 dxc4 3. e4 Nf6 4. e5 Nd5 5. Bxc4 Nb6 6. Bb3 Bf5 7. Nf3 e6 8. O-O
Be7 9. Nc3 O-O 10. Be3 Nd5 11. Nxd5 exd5 12. Rc1 c6 13. Nd2 Nd7 14. f4 Nb6 15.
Bc2 Bxc2 16. Rxc2 f6 17. Nb3 Nc4 18. Bc1 a5 19. Rf3 Qb6 20. Re2 a4 21. Na1 fxe5
22. fxe5 Rxf3 23. gxf3 c5 24. b3 axb3 25. Nxb3 cxd4 26. Qxd4 Qxd4+ 27. Nxd4 Bc5
28. Be3 Nxe3 29. Ne6 Bb6 30. Kf2 d4 31. Rd2 Nc4 32. Rd3 Rxa2+ 33. Kg3 Nxe5 34.
Rb3 Nc4 35. Nf4 Bc7 36. Rxb7 Bxf4+ 37. Kxf4 d3 38. Rb8+ Kf7 39. Rb7+ Kf6 40.
Rb1 d2 41. Rd1 Rc2 42. h4 Nb2 43. Rxd2 Rxd2 44. h5 Nc4 45. Kg3 Kf5 46. h6 g5
47. Kh3 Rd3 48. Kg2 Kf4 0-1

[Event "Excelsior October U2000"]
[Site "Toronto CAN"]
[Date "2023.10.29"]
[Round "4.17"]
[White "Murali, Dhruv"]
[Black "Cholakis, Max"]
[Result "1-0"]
[WhiteElo "1716"]
[BlackElo "1540"]
[PlyCount "91"]
[EventDate "2023.10.27"]
[EventType "swiss"]
[EventRounds "5"]
[EventCountry "CAN"]

1. b3 d5 2. Bb2 c5 3. e3 Nc6 4. Nf3 Bg4 5. h3 Bxf3 6. Qxf3 e5 7. Bb5 Qd6 8.
Bxc6+ bxc6 9. Qh5 e4 10. Qe5+ Qxe5 11. Bxe5 Ne7 12. Bd6 Ng6 13. Bxf8 Rxf8 14.
Nc3 Kd7 15. Ke2 Rae8 16. Na4 Kd6 17. a3 f5 18. g3 Ne5 19. b4 c4 20. Nc5 g5 21.
d3 cxd3+ 22. cxd3 exd3+ 23. Nxd3 Nc4 24. Kf3 Nd2+ 25. Kg2 f4 26. exf4 gxf4 27.
Rhd1 f3+ 28. Kg1 Ne4 29. Rac1 Ng5 30. h4 Ne4 31. Nc5 Kc7 32. Nxe4 dxe4 33. Rc3
Rd8 34. Rdc1 Rf6 35. Rc4 Re6 36. b5 Rdd6 37. Re1 Kb6 38. bxc6 Rxc6 39. Rcxe4
Rxe4 40. Rxe4 Rf6 41. Rf4 Rxf4 42. gxf4 Kc5 43. Kh2 Kd4 44. Kg3 Ke4 45. Kg4 h5+
46. Kg5 1-0

[Event "Excelsior October U2000"]
[Site "Toronto CAN"]
[Date "2023.10.29"]
[Round "5.13"]
[White "Huang, Justin"]
[Black "Mutyalapati, Modith Aaroh"]
[Result "1/2-1/2"]
[WhiteElo "1608"]
[BlackElo "1710"]
[PlyCount "25"]
[EventDate "2023.10.27"]
[EventType "swiss"]
[EventRounds "5"]
[EventCountry "CAN"]

1. d4 d5 2. c4 c6 3. Nf3 Nf6 4. Bf4 Qb6 5. Qc2 Bf5 6. Qxf5 e6 7. Qc2 dxc4 8.
Qxc4 Qxb2 9. Qb3 Bb4+ 10. Nfd2 Qxa1 11. Qxb4 Nbd7 12. Bd6 Nb6 13. e4 1/2-1/2

[Event "Excelsior October U2000"]
[Site "Toronto CAN"]
[Date "2023.10.29"]
[Round "5.14"]
[White "Qian, Ashley"]
[Black "Zhang, Daniel"]
[Result "1-0"]
[WhiteElo "1793"]
[BlackElo "1724"]
[PlyCount "91"]
[EventDate "2023.10.27"]
[EventType "swiss"]
[EventRounds "5"]
[EventCountry "CAN"]

1. e4 c5 2. Nf3 d6 3. d4 cxd4 4. Nxd4 Nf6 5. Nc3 a6 6. Be3 e6 7. f3 b5 8. Qd2
Bb7 9. O-O-O Nbd7 10. Kb1 Rc8 11. g4 Ne5 12. h4 b4 13. Nce2 Nc4 14. Qxb4 Nxe3
15. Rd3 Nexg4 16. Rc3 Rxc3 17. Nxc3 Nf2 18. Qxb7 Be7 19. Rh2 N6g4 20. fxg4 Nxg4
21. Rg2 h5 22. Bxa6 Bxh4 23. Nc6 Qd7 24. Qb8+ Bd8 25. Bb5 O-O 26. Nxd8 Qxd8 27.
Qxd8 Rxd8 28. a4 f5 29. Bc4 d5 30. Be2 dxe4 31. Bxg4 hxg4 32. b4 e3 33. Kb2 Rd2
34. b5 Rxg2 35. b6 e2 36. Nxe2 Rxe2 37. b7 g5 38. b8=Q+ Kf7 39. a5 Re4 40. a6
Ra4 41. a7 Rxa7 42. Qxa7+ Kf6 43. Qd4+ Kg6 44. Qe5 f4 45. Qxe6+ Kh5 46. Qe2 1-0

[Event "Excelsior October U2000"]
[Site "Toronto CAN"]
[Date "2023.10.29"]
[Round "5.15"]
[White "Ajith, Aarush"]
[Black "Murali, Dhruv"]
[Result "1/2-1/2"]
[WhiteElo "1681"]
[BlackElo "1716"]
[PlyCount "55"]
[EventDate "2023.10.27"]
[EventType "swiss"]
[EventRounds "5"]
[EventCountry "CAN"]

1. d4 Nf6 2. c4 g6 3. g3 Bg7 4. Bg2 d6 5. Nf3 Nbd7 6. O-O O-O 7. Nc3 e5 8. d5
a5 9. e4 Nc5 10. Qc2 Ne8 11. Bg5 f6 12. Be3 f5 13. Bxc5 dxc5 14. Nd2 Nd6 15. b3
fxe4 16. Ndxe4 Bf5 17. Qe2 Bxe4 18. Nxe4 Nxe4 19. Qxe4 Qd6 20. Bh3 Kh8 21. Rad1
a4 22. Rd3 axb3 23. Rxb3 b6 24. a3 Rad8 25. Rbb1 Ra8 26. Rb3 Rad8 27. Rbb1 Qf6
28. Rb3 1/2-1/2

[Event "Excelsior October U2000"]
[Site "Toronto CAN"]
[Date "2023.10.29"]
[Round "5.16"]
[White "Liu, Sean"]
[Black "Hong, Zihan"]
[Result "1/2-1/2"]
[WhiteElo "1653"]
[BlackElo "1501"]
[PlyCount "57"]
[EventDate "2023.10.27"]
[EventType "swiss"]
[EventRounds "5"]
[EventCountry "CAN"]

1. e4 c5 2. Nc3 d6 3. d4 cxd4 4. Qxd4 Nc6 5. Qd2 Nf6 6. b3 g6 7. Bb2 Bg7 8. f3
O-O 9. O-O-O Bd7 10. g4 Ne5 11. h4 h5 12. g5 Ne8 13. f4 Nc6 14. Bd3 Nb4 15. Kb1
Nxd3 16. Qxd3 Nc7 17. Nd5 Nxd5 18. Qxd5 Bc6 19. Qd3 Qd7 20. Ne2 Rfc8 21. Bxg7
Kxg7 22. Nd4 Qg4 23. Nxc6 Rxc6 24. f5 Rac8 25. Rc1 e5 26. fxe6 fxe6 27. Qd4+ e5
28. Qd5 Rf8 29. Rhf1 1/2-1/2

[Event "Excelsior October U2000"]
[Site "Toronto CAN"]
[Date "2023.10.29"]
[Round "5.17"]
[White "Cholakis, Max"]
[Black "Desikan, Ajith"]
[Result "1/2-1/2"]
[WhiteElo "1540"]
[BlackElo "1601"]
[PlyCount "85"]
[EventDate "2023.10.27"]
[EventType "swiss"]
[EventRounds "5"]
[EventCountry "CAN"]

1. e4 c5 2. c3 d6 3. d4 cxd4 4. cxd4 e6 5. Nc3 a6 6. Nf3 Nf6 7. Bg5 Be7 8. Bd3
O-O 9. O-O Nc6 10. Re1 b5 11. d5 Ne5 12. Nxe5 dxe5 13. f4 exf4 14. Bxf4 b4 15.
Na4 exd5 16. exd5 Nxd5 17. Be4 Be6 18. Bxd5 Bxd5 19. Rxe7 Qxe7 20. Qxd5 Rfd8
21. Qf3 Rac8 22. Rf1 Qe6 23. Bg3 Rc2 24. a3 bxa3 25. bxa3 h6 26. Nc3 Qb6+ 27.
Kh1 Qb3 28. Be1 Re8 29. h3 Rc1 30. Qf2 Re7 31. Qd2 Rexe1 32. Rxe1 Rxc3 33. Qf2
Rc8 34. Qf5 Rd8 35. Qa5 Rd1 36. Rxd1 Qxd1+ 37. Kh2 Qd6+ 38. Kh1 Qd3 39. Kg1
Qd1+ 40. Kh2 Kh7 41. Qf5+ Kg8 42. Qa5 g6 43. Qe5 1/2-1/2

[Event "Excelsior October U2000"]
[Site "Toronto CAN"]
[Date "2023.10.29"]
[Round "5.23"]
[White "Mahdjoubi, Abdelaziz"]
[Black "Tseng, Bradley"]
[Result "1/2-1/2"]
[WhiteElo "1701"]
[BlackElo "1696"]
[PlyCount "86"]
[EventDate "2023.10.27"]
[EventType "swiss"]
[EventRounds "5"]
[EventCountry "CAN"]

1. d4 Nf6 2. Nc3 d5 3. Bf4 e6 4. Nb5 Bd6 5. Nxd6+ cxd6 6. e3 Nc6 7. c3 h6 8.
Nf3 Qe7 9. Qa4 Bd7 10. Qa3 Ne4 11. Bd3 g5 12. Bg3 Nxg3 13. hxg3 e5 14. Be2 a6
15. O-O-O e4 16. Nd2 Na7 17. c4 dxc4 18. Nxc4 Nb5 19. Qb4 Rc8 20. Kb1 Rc6 21.
a4 Na7 22. Qxb7 Bf5 23. Qb8+ Bc8 24. Na5 Rc7 25. Rc1 Rxc1+ 26. Rxc1 O-O 27. Rc7
Qf6 28. Qxa7 Qxf2 29. Rxf7 Qe1+ 30. Ka2 Be6+ 31. Bc4 Bxc4+ 32. Nxc4 Rxf7 33.
Qa8+ Kg7 34. Qxe4 Qb4 35. b3 a5 36. Qc2 Qe1 37. Nb2 Rf1 38. b4 axb4 39. Qc7+
Rf7 40. Qxd6 Qc3 41. Qe5+ Kg8 42. Qe8+ Kg7 43. Qe5+ Kg8 1/2-1/2

[Event "Excelsior October op"]
[Site "Toronto CAN"]
[Date "2023.10.27"]
[Round "1.1"]
[White "Singh Dhaliwal, Jaipreet"]
[Black "Sambuev, Bator"]
[Result "0-1"]
[WhiteElo "2105"]
[BlackElo "2586"]
[PlyCount "96"]
[EventDate "2023.10.27"]
[EventType "swiss"]
[EventRounds "5"]
[EventCountry "CAN"]

1. e4 e5 2. Nf3 Nc6 3. Bc4 Nf6 4. d3 Bc5 5. Nc3 d6 6. Na4 Bb6 7. a3 O-O 8. O-O
Be6 9. Bxe6 fxe6 10. Nxb6 axb6 11. Qe2 Qe8 12. c3 Qh5 13. Re1 h6 14. d4 exd4
15. Nxd4 Qxe2 16. Rxe2 e5 17. Nc2 Na5 18. Rb1 b5 19. f3 Kf7 20. Be3 Nc4 21. Bf2
Ke6 22. Ne3 g6 23. Rd1 Rf7 24. Bh4 Nxe3 25. Rxe3 Nd7 26. Re2 Nb6 27. Bf2 Nc4
28. Be3 g5 29. Bc1 Rg8 30. h3 h5 31. Rd3 Na5 32. Bd2 Nb3 33. Be1 Nc1 34. Red2
Nxd3 35. Rxd3 c6 36. Kf2 g4 37. hxg4 hxg4 38. Ke2 gxf3+ 39. gxf3 Rh7 40. Bf2
Rh2 41. Rd2 Rg1 42. Ke3 Rf1 43. Re2 d5 44. exd5+ cxd5 45. f4 e4 46. Rd2 Rh3+
47. Kd4 Kd6 48. c4 bxc4 0-1